Miscelánea : (Record no. 197907)
[ view plain ]
| 000 -LEADER | |
|---|---|
| campo de control de longitud fija | 01158nam a2200313 i 4500 |
| 001 - NÚMERO DE CONTROL | |
| campo de control | 197907 |
| 003 - IDENTIFICADOR DE NÚMERO DE CONTROL | |
| campo de control | ES-MaACL |
| 005 - FECHA Y HORA DE LA ÚLTIMA TRANSACCIÓN | |
| campo de control | 20251103145118.0 |
| 007 - CAMPO FIJO DE DESCRIPCIÓN FÍSICA--INFORMACIÓN GENERAL | |
| campo de control de longitud fija | ta |
| 008 - DATOS DE LONGITUD FIJA--INFORMACIÓN GENERAL | |
| campo de control de longitud fija | 250611e1951 sp a|||| |||| 001 1 spa d |
| 040 ## - FUENTE DE CATALOGACIÓN | |
| Centro catalogador/agencia de origen | ES-MaACL |
| Lengua de catalogación | spa |
| Centro/agencia transcriptor | ES-MaACL |
| Normas de descripción | rda |
| 080 ## - NÚMERO DE LA CLASIFICACIÓN DECIMAL UNIVERSAL | |
| Número de la Clasificación Decimal Universal | 821.134.2-341"19" |
| 245 00 - MENCIÓN DEL TÍTULO | |
| Título | Miscelánea : |
| Resto del título | fragmentos humorísticos de los famosos artículos que "DESPERDICIOS" publica en "La Gaceta del Norte" / |
| Mención de responsabilidad, etc. | seleccionados por MAR |
| 264 #1 - PRODUCCIÓN, PUBLICACIÓN, DISTRIBUCIÓN, FABRICACIÓN Y COPYRIGHT | |
| Producción, publicación, distribución, fabricación y copyright | Bilbao : |
| Nombre del de productor, editor, distribuidor, fabricante | El Mensajero del Corazón de Jesús, |
| Fecha de producción, publicación, distribución, fabricación o copyright | 1951 |
| 300 ## - DESCRIPCIÓN FÍSICA | |
| Extensión | 64 páginas : |
| Otras características físicas | ilustraciones ; |
| Dimensiones | 17 cm. |
| 336 ## - TIPO DE CONTENIDO | |
| Fuente | rdacontent |
| Término de tipo de contenido | texto |
| 337 ## - TIPO DE MEDIO | |
| Fuente | rdamedia |
| Nombre/término del tipo de medio | sin mediación |
| 338 ## - TIPO DE SOPORTE | |
| Fuente | rdacarrier |
| Nombre/término del tipo de soporte | volumen |
| 490 0# - MENCIÓN DE SERIE | |
| Mención de serie | De broma y de veras ; |
| Designación de volumen o secuencia | número 462 |
| 500 ## - NOTA GENERAL | |
| Nota general | Índice |
| 655 #4 - TERMINO DE INDIZACIÓN--GENERO/FORMA | |
| 9 (RLIN) | 234752 |
| Datos o término principal de género/forma | Misceláneas |
| 710 1# - ENTRADA AGREGADA--NOMBRE DE ENTIDAD CORPORATIVA | |
| 9 (RLIN) | 242445 |
| Nombre de entidad corporativa o nombre de jurisdicción como elemento de entrada | El Mensajero del Corazón de Jesús |
| 852 ## - LOCALIZACIÓN | |
| Ubicación | ES-MaACL |
| Ubicación en estantería | Depósito 1 |
| Número de control de estantería | A-15601(4) |
| Donativo/Legado | Donación: José Lázaro García |
| Encuadernación | Holandesa |
| itemnumber | 206872 |
| 903 ## - NOMBRE PERSONAL DE DONANTE | |
| 9 | 234219 |
| a | Lázaro García, José |
| e | Donante |
| 942 ## - ELEMENTOS DE ENTRADA SECUNDARIOS (KOHA) | |
| Suprimir en OPAC | No |
| Tipo de ítem Koha | Libro impreso |
| Estatus retirado | Estado de pérdida | Fuente del sistema de clasificación o colocación | Estado de daño | No para préstamo | Biblioteca de origen | Biblioteca actual | Ubicación en estantería | Fecha de adquisición | Fuente de adquisición | Total de préstamos | Signatura topográfica completa | Código de barras | Visto por última vez | Precio de reemplazo | Tipo de ítem Koha |
|---|---|---|---|---|---|---|---|---|---|---|---|---|---|---|---|
| Clasificación decimal universal | Biblioteca del Ateneo de Madrid | Biblioteca del Ateneo de Madrid | Depósito 1 | 27/05/2025 | Donación | A-15601(4) | 2025-1237 | 29/10/2025 | 29/10/2025 | Libro impreso |
